|
|
|
|
| LEADER |
00000nam0a2200000 4500 |
| 001 |
379514 |
| 005 |
20240201150054.0 |
| 035 |
|
|
|a (RuTPU)RU\TPU\retro\36981
|
| 090 |
|
|
|a 379514
|
| 100 |
|
|
|a 20231011d2023 k y0rusy50 ca
|
| 101 |
0 |
|
|a rus
|
| 102 |
|
|
|a RU
|
| 105 |
|
|
|a a dm 001yy
|
| 181 |
|
0 |
|a i
|b e
|
| 182 |
|
0 |
|a n
|
| 183 |
|
0 |
|a nc
|2 RDAcarrier
|
| 200 |
1 |
|
|a Программно-аппаратный комплекс для электроимпедансной визуализации зоны криодеструкции
|e автореферат диссертации на соискание ученой степени кандидата технических наук
|e спец. 2.2.12
|f Королюк Евгений Сергеевич
|g Томский политехнический университет ; науч. рук. Бразовский Константин Станиславович
|
| 203 |
|
|
|a Текст
|b визуальный
|c непосредственный
|
| 210 |
|
|
|a Томск
|d 2023
|
| 215 |
|
|
|a 20 с.
|c ил.
|
| 283 |
|
|
|a volume
|2 RDAcarrier
|
| 300 |
|
|
|a Защита сост. 21.11.2023
|
| 320 |
|
|
|a Библиогр.: с. 20 (15 назв.)
|
| 333 |
|
|
|a На правах рукописи
|
| 606 |
1 |
|
|a Медицинская техника
|9 61577
|
| 610 |
1 |
|
|a авторефераты диссертаций
|
| 610 |
1 |
|
|a труд учёных ТПУ
|
| 610 |
1 |
|
|a медицинская аппаратура
|
| 610 |
1 |
|
|a холод
|
| 610 |
1 |
|
|a биологические ткани
|
| 610 |
1 |
|
|a электроимпедансная томография
|
| 610 |
1 |
|
|a МРТ
|
| 610 |
1 |
|
|a УзТ
|
| 610 |
1 |
|
|a криодеструкция
|
| 610 |
1 |
|
|a холодовое воздействие
|
| 610 |
1 |
|
|a электрический импеданс
|
| 610 |
1 |
|
|a изменение температуры
|
| 610 |
1 |
|
|a биоимпеданс
|
| 610 |
1 |
|
|a криохирургические аппараты
|
| 675 |
|
|
|a 615.47(04)
|v 4
|z rus
|
| 686 |
|
|
|2 oksvnk
|a 05.11.17
|
| 700 |
|
1 |
|a Королюк
|b Е. С.
|c химик-технолог
|c инженер Томского политехнического университета
|f 1993-
|g Евгений Сергеевич
|9 22253
|
| 702 |
|
1 |
|a Бразовский
|b К. С.
|c специалист в области электроники
|c кандидат медицинских наук, доцент Томского политехнического университета
|f 1971-
|g Константин Станиславович
|4 695
|9 16775
|
| 712 |
0 |
2 |
|a Национальный исследовательский Томский политехнический университет
|c (2009- )
|9 26305
|
| 801 |
|
0 |
|a RU
|b 63413507
|c 20231011
|
| 942 |
|
|
|c BK
|